Statistiken für Top 15 der betroffenen Covid-19-Länder - 3. Oktober

Klicken Sie hier um das Quiz zu spielen!

Allgemein

  • Dieses Quiz wurde 11 mal gespielt
  • Das Durchschnittsergebnis liegt bei 12 aus 24

Antwortstatistiken

Land% Korrekt
Spanien
100%
Brasilien
91%
Frankreich
91%
Vereinigte Staaten
91%
Indien
82%
Russland
82%
Argentinien
73%
Chile
64%
Chile
64%
Kolumbien
64%
Mexiko
64%
Vereinigtes Königreich
64%
Peru
55%
Südafrika
55%
Iran
36%
Katar
27%
Kuwait
27%
Panama
27%
Bahrain
18%
Israel
18%
Oman
18%
Armenien
9%
Costa Rica
9%
Irak
9%

Verteilung der Resultate

Perzentil nach korrekt beantworteten Fragen

Anzahl Personen mit jedem Resultat

Ihre Resultats-Entwicklung

Sie haben dieses Quiz noch nicht gespielt